|
|
|
|
| LEADER |
00828nab a2200241 i 4500 |
| 001 |
publ32723 |
| 005 |
20250411131434.0 |
| 008 |
250411s1989 hu o 000 eng d |
| 022 |
|
|
|a 0014-4819; 1432-1106
|
| 024 |
7 |
|
|a 10.1007/BF00247898
|2 doi
|
| 024 |
7 |
|
|a 1971528
|2 mtmt
|
| 040 |
|
|
|a SZTE Publicatio Repozitórium
|b hun
|
| 041 |
|
|
|a eng
|
| 100 |
1 |
|
|a Ferencsik M.
|
| 245 |
1 |
0 |
|a Cobalt-complex ATP enhanced regeneration in the dorsal horn of the rat spinal cord
|h [elektronikus dokumentum] /
|c Ferencsik M.
|
| 260 |
|
|
|c 1989
|
| 300 |
|
|
|a 409-416
|
| 490 |
0 |
|
|a EXPERIMENTAL BRAIN RESEARCH
|v 76 No. 2
|
| 650 |
|
4 |
|a Általános orvostudomány
|
| 700 |
0 |
1 |
|a Garay K.
|e aut
|
| 700 |
0 |
1 |
|a Mihály András
|e aut
|
| 700 |
0 |
1 |
|a Csillik Bertalan
|e aut
|
| 856 |
4 |
0 |
|u http://publicatio.bibl.u-szeged.hu/32723/1/aok_klny_154_89.pdf
|z Dokumentum-elérés
|